La religión del lenguaje español / (Record no. 89305)

MARC details
000 -LEADER
campo de control de longitud fija 00877nam a2200229 i 4500
001 - NÚMERO DE CONTROL
campo de control 89305
003 - IDENTIFICADOR DE NÚMERO DE CONTROL
campo de control ES-MaACL
005 - FECHA Y HORA DE LA ÚLTIMA TRANSACCIÓN
campo de control 20240417063034.0
007 - CAMPO FIJO DE DESCRIPCIÓN FÍSICA--INFORMACIÓN GENERAL
campo de control de longitud fija t|
008 - DATOS DE LONGITUD FIJA--INFORMACIÓN GENERAL
campo de control de longitud fija 050110s1951 pe ||||1| spa d
080 ## - NÚMERO DE LA CLASIFICACIÓN DECIMAL UNIVERSAL
Número de la Clasificación Decimal Universal 821.134.2.09
100 0# - ENTRADA PRINCIPAL--NOMBRE DE PERSONA
Nombre de persona Larrea, Juan,
Fechas asociadas al nombre 1895-1980
9 (RLIN) 70333
245 13 - MENCIÓN DEL TÍTULO
Título La religión del lenguaje español /
Mención de responsabilidad, etc. Juan Larrea.
260 ## - PUBLICACIÓN, DISTRIBUCIÓN, ETC.
Lugar de publicación, distribución, etc. Lima :
Nombre del editor, distribuidor, etc. [s.n.],
Fecha de publicación, distribución, etc. 1951 (
Fabricante Azangara)
300 ## - DESCRIPCIÓN FÍSICA
Extensión 39 p. ;
Dimensiones 21 cm.
594 ## - Nota al título y mención de responsabilidad
Nota al título y mención de responsabilidad En port.: IV Centenario de la Universidad Nacional Mayor de San Marcos.
594 ## - Nota al título y mención de responsabilidad
Nota al título y mención de responsabilidad Conferencia pronunciada por el autor en la Facultad de Letras de la Universidad Nacional Mayor de San Marcos de Lima, el 4 de septiembre de 1951.
650 #4 - PUNTO DE ACCESO ADICIONAL DE MATERIA--TÉRMINO DE MATERIA
Término de materia o nombre geográfico como elemento de entrada Lengua española-
Subdivisión general Aspectos religiosos.
9 (RLIN) 173354
710 2# - ENTRADA AGREGADA--NOMBRE DE ENTIDAD CORPORATIVA
Nombre de entidad corporativa o nombre de jurisdicción como elemento de entrada Universidad Nacional Mayor de San Marcos.
9 (RLIN) 7431
852 ## - LOCALIZACIÓN
Ubicación ES-MaACL
Número de control de estantería 1942-F-10
Holdings
Estatus retirado Estado de pérdida Estado de daño No para préstamo Colección Biblioteca de origen Biblioteca actual Ubicación en estantería Fecha de adquisición Fuente de adquisición Total de préstamos Signatura topográfica completa Código de barras Visto por última vez Precio de reemplazo Tipo de ítem Koha
        Colección de folletos Biblioteca del Ateneo de Madrid Biblioteca del Ateneo de Madrid Depósito folletos 17/01/2008     1942-F-10 1093272 23/02/2023 23/02/2023 Folleto